The autobiography of Joseph Stalin : (Record no. 529)

000 -LEADER
fixed length control field 01406nam a22004097a 4500
001 - CONTROL NUMBER
control field 1212068
003 - CONTROL NUMBER IDENTIFIER
control field OSt
005 - DATE AND TIME OF LATEST TRANSACTION
control field 20210420073351.0
008 - FIXED-LENGTH DATA ELEMENTS--GENERAL INFORMATION
fixed length control field 990113s1999 dcu 000 1 eng
010 ## - LIBRARY OF CONGRESS CONTROL NUMBER
LC control number 99011195
020 ## - INTERNATIONAL STANDARD BOOK NUMBER
International Standard Book Number 1582430047 (alk. paper)
040 ## - CATALOGING SOURCE
Original cataloging agency eng
Transcribing agency DLC
Modifying agency DLC
-- OCoLC
-- DLC
Language of cataloging eng
041 ## - LANGUAGE CODE
Language code of text/sound track or separate title eng
050 00 - LIBRARY OF CONGRESS CALL NUMBER
Classification number PS3562.O833
Item number A95 1999
080 ## - UNIVERSAL DECIMAL CLASSIFICATION NUMBER
Universal Decimal Classification number 92
Item number L-93
082 00 - DEWEY DECIMAL CLASSIFICATION NUMBER
Classification number 813/.54
Edition number 21
100 1# - MAIN ENTRY--PERSONAL NAME
Personal name Lourie, Richard,
Dates associated with a name 1940-
245 14 - TITLE STATEMENT
Title The autobiography of Joseph Stalin :
Remainder of title a novel /
Statement of responsibility, etc. Richard Lourie.
260 ## - PUBLICATION, DISTRIBUTION, ETC.
Place of publication, distribution, etc. Washington, DC :
Name of publisher, distributor, etc. Counterpoint,
Date of publication, distribution, etc. c1999.
300 ## - PHYSICAL DESCRIPTION
Extent 261 p. ;
Dimensions 24 cm
365 ## - TRADE PRICE
Price amount 25 usd
600 10 - SUBJECT ADDED ENTRY--PERSONAL NAME
Personal name Stalin, Joseph,
Dates associated with a name 1878-1953
Form subdivision Fiction.
600 10 - SUBJECT ADDED ENTRY--PERSONAL NAME
Personal name Trotsky, Leon,
Dates associated with a name 1879-1940
General subdivision Assassination
Form subdivision Fiction.
650 #0 - SUBJECT ADDED ENTRY--TOPICAL TERM
Topical term or geographic name entry element Heads of state
Geographic subdivision Soviet Union
Form subdivision Fiction.
650 #0 - SUBJECT ADDED ENTRY--TOPICAL TERM
Topical term or geographic name entry element Assassination
Form subdivision Fiction.
650 #0 - SUBJECT ADDED ENTRY--TOPICAL TERM
Topical term or geographic name entry element Biography
9 (RLIN) 237
651 #0 - SUBJECT ADDED ENTRY--GEOGRAPHIC NAME
Geographic name Soviet Union
Form subdivision Fiction.
653 ## - INDEX TERM--UNCONTROLLED
Uncontrolled term ბიოგრაფია
653 ## - INDEX TERM--UNCONTROLLED
Uncontrolled term საბჭოთა კავშირი
653 ## - INDEX TERM--UNCONTROLLED
Uncontrolled term სახელმწიფოს მმართველები
655 #7 - INDEX TERM--GENRE/FORM
Genre/form data or focus term Biographical fiction.
Source of term gsafd
655 #7 - INDEX TERM--GENRE/FORM
Genre/form data or focus term Historical fiction.
Source of term gsafd
906 ## - LOCAL DATA ELEMENT F, LDF (RLIN)
a 7
b cbc
c orignew
d 1
e ocip
f 19
g y-gencatlg
942 ## - ADDED ENTRY ELEMENTS (KOHA)
Source of classification or shelving scheme
Koha item type Books
Holdings
Withdrawn status Lost status Source of classification or shelving scheme Damaged status Not for loan Permanent location Current location Date acquired Inventory number Total Checkouts Full call number Barcode Date last seen Price effective from Koha item type
          Ken Walker International University Ken Walker International University 12/02/2020 805   92 L-93 805 03/30/2026 12/02/2020 Books

Powered by Koha